| 000 | 00731nam a22002057a 4500 | ||
|---|---|---|---|
| 005 | 20100819115059.0 | ||
| 010 | _aENG-100913 | ||
| 020 |
_a9788172086855 _c135.00 |
||
| 035 | _aEN-84446 | ||
| 037 | _bDBAD/PUB | ||
| 082 | _a230.35 | ||
| 100 |
_aSandweiss, Samuel H. _915104 |
||
| 245 |
_aSpirit and the mind / _cby Samuel H. Sandweiss |
||
| 260 |
_aPrasanthi Nilayam _bSri Sathya Sai Sadhana Trust, Publications Division _c2009 |
||
| 270 |
_bPrasanthi Nilayam _e515134 |
||
| 300 |
_a320p. _c21cm (pbk) _ephotoes |
||
| 700 | _915086 | ||
| 942 |
_2ddc _cEN _h230.35 _mSAN |
||
| 999 |
_c42516 _d42516 |
||